Análisis de las aguas minero-medicinales de la Fuente Segura (Benasal) / (Record no. 161982)

MARC details
000 -LEADER
campo de control de longitud fija 00787nam a22001815i 4500
001 - NÚMERO DE CONTROL
campo de control 161982
003 - IDENTIFICADOR DE NÚMERO DE CONTROL
campo de control ES-MaACL
005 - FECHA Y HORA DE LA ÚLTIMA TRANSACCIÓN
campo de control 20230906212410.0
008 - DATOS DE LONGITUD FIJA--INFORMACIÓN GENERAL
campo de control de longitud fija 041025s1887 sp |||| | spa d
040 ## - FUENTE DE CATALOGACIÓN
Centro catalogador/agencia de origen CAM
Lengua de catalogación spa
Centro/agencia transcriptor CAM
100 1# - ENTRADA PRINCIPAL--NOMBRE DE PERSONA
Nombre de persona Peset y Cervera, Vicente.
9 (RLIN) 91439
245 10 - MENCIÓN DEL TÍTULO
Título Análisis de las aguas minero-medicinales de la Fuente Segura (Benasal) /
Mención de responsabilidad, etc. por Vicente Peset y Cervera.
260 ## - PUBLICACIÓN, DISTRIBUCIÓN, ETC.
Lugar de publicación, distribución, etc. Valencia :
Nombre del editor, distribuidor, etc. [s.n.],
Fecha de publicación, distribución, etc. 1887 (
Fabricante Imprenta de Nicasio Rius Monfort)
300 ## - DESCRIPCIÓN FÍSICA
Extensión 37 p. ;
Dimensiones 23 cm.
500 ## - NOTA GENERAL
Nota general Memoria premiada por la Sociedad Económica de Amigos del País de Valencia en el certámen de 1879.
650 04 - PUNTO DE ACCESO ADICIONAL DE MATERIA--TÉRMINO DE MATERIA
Término de materia o nombre geográfico como elemento de entrada Aguas minerales-
Subdivisión geográfica Benasal (Castellón)
9 (RLIN) 135520
852 ## - LOCALIZACIÓN
Ubicación ES-MaACL
Número de control de estantería T-454-F-15
Nota libre -- Enc. hol.
condición física -- Falto de la cub. original
Nota libre -- Enc. en un vol. facticio
Holdings
Estatus retirado Estado de pérdida Estado de daño No para préstamo Colección Biblioteca de origen Biblioteca actual Ubicación en estantería Fecha de adquisición Total de préstamos Signatura topográfica completa Código de barras Visto por última vez Precio de reemplazo Tipo de ítem Koha
        Colección de folletos Biblioteca del Ateneo de Madrid Biblioteca del Ateneo de Madrid Depósito folletos 17/01/2008   T-454-F-15 1169681 23/02/2023 23/02/2023 Folleto